Administrative reform and political control in Canada (Record no. 25601)

000 -LEADER
fixed length control field 01202pab a2200157 454500
008 - FIXED-LENGTH DATA ELEMENTS--GENERAL INFORMATION
fixed length control field 180718b xxu||||| |||| 00| 0 eng d
100 ## - MAIN ENTRY--PERSONAL NAME
Personal name Landry Rejean
245 ## - TITLE STATEMENT
Title Administrative reform and political control in Canada
362 ## - DATES OF PUBLICATION AND/OR SEQUENTIAL DESIGNATION
Dates of publication and/or sequential designation 14(1), Oct 93, p.335-49
520 ## - SUMMARY, ETC.
Summary, etc. The federal and provincial governments elected in Canada over the last ten years have defeated their opponents in promising to manage government in a more productive manner, especially through the introduction of businesslike managerial practices. After a first series of across the board cuts in the operational expenditures of the governmental departments ana agencies, they have undertaken very significant managerial reforms, especially at the federal level. These initiatives have generated important savings in the operational budgets of the government departments and agencies. However, any significant additional productivity improvement is likely to require substantive information on programs that central d
650 ## - SUBJECT ADDED ENTRY--TOPICAL TERM
Topical term or geographic name entry element Public Service -- Canada
650 ## - SUBJECT ADDED ENTRY--TOPICAL TERM
Topical term or geographic name entry element Administrative Reforms -- Canada
650 ## - SUBJECT ADDED ENTRY--TOPICAL TERM
Topical term or geographic name entry element Administrative Reorganisation -- Canada
773 ## - HOST ITEM ENTRY
Main entry heading International Political Science Review
909 ## -
-- 25601
Holdings
Withdrawn status Lost status Damaged status Not for loan Permanent Location Current Location Date acquired Barcode Date last seen Price effective from Koha item type
        Indian Institute of Public Administration Indian Institute of Public Administration 2018-07-19 AR25673 2018-07-19 2018-07-19 Articles

Powered by Koha